[Event "15th PKWN Festival it"]
[Site "Naleczow POL"]
[Date "1979.07.??"]
[Round "14"]
[White "Przewoznik, Jan"]
[Black "Szymczak, Zbigniew"]
[Result "0-1"]
[WhiteElo "2240"]
[BlackElo "2355"]
[EventDate "1979.07.14"]
[PlyCount "80"]

1.e4 c5 2.Nf3 Nc6 3.d4 cxd4 4.Nxd4 Nf6 5.Nc3 d6 6.Bg5 e6 7.Qd2 a6 8.O-O-O 
h6 9.Be3 Bd7 10.f4 Be7 11.Kb1 b5 12.Bd3 Nxd4 13.Bxd4 b4 14.Ne2 O-O 15.Qxb4
d5 16.Bxf6 Bxf6 17.e5 Be7 18.Qd2 Qb6 19.Ka1 Rfb8 20.Rb1 Bc5 21.g4 Be3 22.
Qe1 Bc6 23.Qh4 d4 24.Rhd1 Bd5 25.a3 Ra7 26.g5 Qd8 27.Qh3 Rab7 28.c4 dxc3 
29.Nxc3 Qa5 30.Bh7+ Kxh7 31.Qxe3 Rb3 32.Qc1 Bf3 33.Rd4 Bg4 34.gxh6 Bf5 35.
Ne4 Kxh6 36.Rc4 Rh3 37.Ka2 Qd5 38.Qf1 Rxh2 39.Nc3 Qd2 40.Qc1 Bxb1+ 0-1

[Event "15th PKWN Festival it"]
[Site "Naleczow POL"]
[Date "1979.07.??"]
[Round "14"]
[White "Schussler, Harry"]
[Black "Nicevski, Risto"]
[Result "1-0"]
[WhiteElo "2460"]
[BlackElo "2380"]
[EventDate "1979.07.14"]
[PlyCount "82"]

1.b3 e5 2.Bb2 Nc6 3.e3 a6 4.Nf3 e4 5.Nd4 Nxd4 6.Bxd4 Qg5 7.c4 b6 8.d3 f5 
9.g3 Bb7 10.Bg2 O-O-O 11.O-O Re8 12.Nd2 Nh6 13.Qc2 Bb4 14.Bc3 Bxc3 15.Qxc3
Re6 16.c5 b5 17.a4 Rhe8 18.axb5 axb5 19.Ra7 Qf6 20.Qa5 Ra6 21.Rxa6 Qxa6 
22.Qxa6 Bxa6 23.dxe4 Bb7 24.exf5 Bxg2 25.Kxg2 Nxf5 26.b4 Re6 27.Ra1 g5 28.
Ra8+ Kb7 29.Rf8 Ne7 30.Nf3 Nc6 31.Nxg5 Rg6 32.Nxh7 Nxb4 33.Nf6 Kc6 34.h4 
Nd5 35.Ne4 Kb7 36.h5 Ra6 37.g4 b4 38.g5 Ra2 39.h6 Ne7 40.h7 Ng6 41.Rg8 1-0

[Event "15th PKWN Festival it"]
[Site "Naleczow POL"]
[Date "1979.07.??"]
[Round "14"]
[White "Prandstetter, Eduard"]
[Black "Ivanovic, Bozidar"]
[Result "1-0"]
[WhiteElo "2385"]
[BlackElo "2460"]
[EventDate "1979.07.14"]
[PlyCount "105"]

1.e4 c5 2.Nf3 Nc6 3.d4 cxd4 4.Nxd4 Nf6 5.Nc3 d6 6.Bg5 e6 7.Qd2 a6 8.O-O-O 
h6 9.Bf4 Bd7 10.Nxc6 Bxc6 11.Qe3 e5 12.Bg3 Be7 13.Kb1 O-O 14.Be2 Qc7 15.f4
Rac8 16.Rhf1 b5 17.fxe5 dxe5 18.Rf5 Qb7 19.Rxe5 b4 20.Nd5 Bxd5 21.exd5 Bd6
22.Rf5 Rfe8 23.Qf3 Ne4 24.Bxd6 Nc3+ 25.Ka1 Nxd1 26.Bxd1 Re1 27.Re5 Rxc2 
28.Re8+ Rxe8 29.Bxc2 Re1+ 30.Bb1 Qb5 31.Bg3 Rf1 32.Qe4 g6 33.Be1 a5 34.d6 
Qd7 35.Bg3 a4 36.Qe7 Qe6 37.Qxe6 fxe6 38.b3 a3 39.d7 Rd1 40.Be1 e5 41.Bxb4
e4 42.Ba5 Rxd7 43.Bxe4 Rd1+ 44.Bb1 Rg1 45.g3 Kf7 46.Bb4 Rg2 47.Bxa3 Rxh2 
48.Bb2 g5 49.a4 Rg2 50.a5 Rd2 51.b4 Rd6 52.b5 Ke8 53.a6 1-0

[Event "15th PKWN Festival it"]
[Site "Naleczow POL"]
[Date "1979.07.??"]
[Round "14"]
[White "Vogt, Lothar"]
[Black "Fedorowicz, John"]
[Result "1-0"]
[WhiteElo "2500"]
[BlackElo "2405"]
[EventDate "1979.07.14"]
[PlyCount "78"]

1.e4 c5 2.Nf3 d6 3.d4 cxd4 4.Nxd4 Nf6 5.Nc3 a6 6.Be2 e5 7.Nb3 Be7 8.O-O 
O-O 9.a4 Nc6 10.Bg5 Be6 11.Bxf6 Bxf6 12.Nd5 Bg5 13.a5 Rc8 14.c4 Ne7 15.Nb6
Rc6 16.Nd2 Ng6 17.g3 Kh8 18.Ra3 Re8 19.Re1 Nf8 20.b4 g6 21.Nf1 f5 22.exf5 
gxf5 23.Ne3 Ng6 24.Ned5 Bh6 25.Bf1 Rf8 26.Qh5 Bg7 27.Bg2 e4 28.g4 Ne5 29.
Rh3 Bg8 30.gxf5 Nxc4 31.Bxe4 Nxb6 32.axb6 Bd4 33.Nf4 d5 34.Bxd5 Rcf6 35.
Bxg8 Rxg8+ 36.Ng6+ Rgxg6+ 37.fxg6 Bxf2+ 38.Kh1 Qg8 39.Qxh7+ Qxh7 1-0

[Event "15th PKWN Festival it"]
[Site "Naleczow POL"]
[Date "1979.07.??"]
[Round "14"]
[White "Jamroz, Zbigniew"]
[Black "Plachetka, Jan"]
[Result "1/2-1/2"]
[WhiteElo "2345"]
[BlackElo "2445"]
[EventDate "1979.07.14"]
[PlyCount "83"]

1.d4 Nf6 2.Nf3 g6 3.Bg5 Bg7 4.Nbd2 d6 5.e4 h6 6.Bh4 g5 7.Bg3 Nh5 8.c3 Nd7 
9.Be2 Nxg3 10.hxg3 e6 11.Qc2 b6 12.O-O-O Bb7 13.Nc4 Qe7 14.Kb1 O-O-O 15.
Bd3 Kb8 16.Rde1 h5 17.Ne3 g4 18.Nd2 Qg5 19.Rh4 Nf8 20.Reh1 Ng6 21.R4h2 c5 
22.d5 Ne7 23.c4 Ng6 24.Nef1 Qf6 25.f4 gxf3 26.Nxf3 Ne5 27.Be2 exd5 28.cxd5
Rde8 29.Rxh5 Rxh5 30.Rxh5 Ng4 31.Rf5 Qe7 32.Rg5 f5 33.Rxf5 Qxe4 34.Qxe4 
Rxe4 35.Bd3 Re7 36.Rg5 Nf6 37.Bc4 b5 38.Bxb5 Bxd5 39.N1d2 Bb7 40.Bd3 d5 
41.b3 Kc7 42.Kc2 1/2-1/2

[Event "15th PKWN Festival it"]
[Site "Naleczow POL"]
[Date "1979.07.??"]
[Round "14"]
[White "Ghinda, Mihail Viorel"]
[Black "Jakobsen, Ole"]
[Result "1/2-1/2"]
[WhiteElo "2455"]
[BlackElo "2415"]
[EventDate "1979.07.14"]
[PlyCount "198"]

1.e4 c5 2.Nc3 e6 3.Nge2 a6 4.g3 Nc6 5.Bg2 d6 6.O-O Nf6 7.d4 cxd4 8.Nxd4 
Bd7 9.Re1 Be7 10.a4 O-O 11.Nxc6 Bxc6 12.a5 Qd7 13.b3 Rac8 14.Na4 Qc7 15.
Nb6 Rcd8 16.Bb2 d5 17.exd5 Bxd5 18.Be5 Qc5 19.Nxd5 Nxd5 20.Qg4 Nf6 21.Qe2 
Rd7 22.c3 Rfd8 23.Bd4 Qf5 24.Qf3 Qxf3 25.Bxf3 Nd5 26.c4 Bf6 27.Bxf6 Nxf6 
28.b4 Kf8 29.Rab1 Rc8 30.Rbc1 Ke7 31.g4 Rdc7 32.g5 Nd7 33.Rb1 Rb8 34.Rec1 
Ne5 35.Be2 Rd8 36.Rc3 Nc6 37.Kf1 Nd4 38.Bd1 Nb5 39.Rh3 Rxc4 40.Be2 Rc2 41.
Bxb5 axb5 42.Rbb3 Rd1+ 43.Kg2 Rd5 44.Rxh7 Rxg5+ 45.Rg3 Rf5 46.Rf3 Rxf3 47.
Kxf3 Rc3+ 48.Kg2 g6 49.Rh8 Rc4 50.Rb8 Rxb4 51.Rxb7+ Kf6 52.Kg3 e5 53.f3 
Ke6 54.h4 f6 55.a6 Kf5 56.a7 Ra4 57.Rxb5 Rxa7 58.Rb4 Rd7 59.Ra4 Rd4 60.Ra5
Ke6 61.Ra6+ Rd6 62.Ra7 f5 63.Ra1 Rd3 64.Ra6+ Kf7 65.Kf2 f4 66.h5 gxh5 67.
Rh6 Rd2+ 68.Kg1 Ke7 69.Kf1 Rh2 70.Kg1 Rh3 71.Kf2 Kf7 72.Rh8 Ke6 73.Re8+ 
Kf5 74.Rf8+ Kg5 75.Re8 Rh2+ 76.Kg1 Re2 77.Kf1 Re3 78.Kg2 Kh4 79.Re7 Re2+ 
80.Kf1 Rh2 81.Kg1 Kg3 82.Rg7+ Kh3 83.Rg5 Rd2 84.Rxe5 Kg3 85.Rg5+ Kxf3 86.
Rxh5 Rd1+ 87.Kh2 Ke2 88.Re5+ Kf1 89.Rf5 Rd4 90.Rf8 Re4 91.Rf7 Kf2 92.Ra7 
Re2 93.Ra1 Kf3+ 94.Kh3 Kf2 95.Kg4 f3 96.Kh3 Re1 97.Ra2+ Ke3 98.Ra3+ Kf4 
99.Ra4+ 1/2-1/2

[Event "15th PKWN Festival it"]
[Site "Naleczow POL"]
[Date "1979.07.??"]
[Round "14"]
[White "Luczak, Andrzej"]
[Black "Bilek, Istvan"]
[Result "1/2-1/2"]
[WhiteElo "2440"]
[BlackElo "2460"]
[EventDate "1979.07.14"]
[PlyCount "44"]

1.d4 Nf6 2.c4 e6 3.Nc3 Bb4 4.e3 c5 5.Bd3 d5 6.Nf3 O-O 7.O-O b6 8.cxd5 exd5
9.dxc5 bxc5 10.Ne2 Bg4 11.Nf4 Re8 12.b3 Bc3 13.Rb1 Nbd7 14.Bb2 Bxb2 15.
Rxb2 Qa5 16.Be2 Nb6 17.h3 Bf5 18.Bd3 Be4 19.Rc2 Rab8 20.Bxe4 Nxe4 21.Qe1 
Qb5 22.Qe2 1/2-1/2

[Event "15th PKWN Festival it"]
[Site "Naleczow POL"]
[Date "1979.07.??"]
[Round "15"]
[White "Ivanovic, Bozidar"]
[Black "Przewoznik, Jan"]
[Result "1-0"]
[WhiteElo "2460"]
[BlackElo "2240"]
[EventDate "1979.07.14"]
[PlyCount "61"]

1.e4 c5 2.Nf3 Nc6 3.d4 cxd4 4.Nxd4 Nf6 5.Nc3 d6 6.Bc4 Qb6 7.Nb3 e6 8.O-O 
Be7 9.Kh1 O-O 10.f4 Qc7 11.a3 a6 12.Nd2 b5 13.Ba2 b4 14.axb4 Nxb4 15.Bb3 
Bb7 16.f5 e5 17.Nc4 d5 18.exd5 Nbxd5 19.Nxd5 Bxd5 20.Qe2 Bc5 21.Bg5 Rfe8 
22.Rad1 Bc6 23.Rd3 Nd5 24.Rg3 Nf4 25.Qg4 h5 26.Qh4 Ne2 27.Bf6 Nxg3+ 28.
Qxg3 Bf8 29.Bxg7 Kh7 30.f6 Qd7 31.Ne3 1-0

[Event "15th PKWN Festival it"]
[Site "Naleczow POL"]
[Date "1979.07.??"]
[Round "15"]
[White "Espig, Lutz"]
[Black "Jamroz, Zbigniew"]
[Result "1/2-1/2"]
[WhiteElo "2450"]
[BlackElo "2345"]
[EventDate "1979.07.14"]
[PlyCount "78"]

1.Nf3 Nf6 2.c4 e6 3.g3 b6 4.Bg2 Bb7 5.O-O Be7 6.Nc3 O-O 7.b3 c5 8.Bb2 Nc6 
9.e3 a6 10.d4 cxd4 11.exd4 d5 12.Ne5 Rc8 13.cxd5 Nxd5 14.Nxd5 exd5 15.Rc1 
a5 16.Qe2 Nb4 17.Rxc8 Bxc8 18.Re1 Bd6 19.a3 Bxe5 20.axb4 Bd6 21.bxa5 Bb4 
22.Ra1 bxa5 23.Qb5 Be6 24.Ba3 Bxa3 25.Rxa3 Qf6 26.Bxd5 Qxd4 27.Rxa5 Bh3 
28.Bg2 Bxg2 29.Kxg2 Qe4+ 30.f3 Qc2+ 31.Kh3 Qd1 32.Qd5 Qf1+ 33.Kg4 g6 34.
Ra8 Rxa8 35.Qxa8+ Kg7 36.Qd5 h5+ 37.Kh4 f6 38.f4 Qe2 39.Kh3 1/2-1/2

[Event "15th PKWN Festival it"]
[Site "Naleczow POL"]
[Date "1979.07.??"]
[Round "15"]
[White "Jakobsen, Ole"]
[Black "Luczak, Andrzej"]
[Result "1-0"]
[WhiteElo "2415"]
[BlackElo "2440"]
[EventDate "1979.07.14"]
[PlyCount "84"]

1.d4 Nf6 2.c4 e6 3.Nf3 d5 4.Bg5 h6 5.Bxf6 Qxf6 6.Nc3 c6 7.e3 Nd7 8.Bd3 Bb4
9.O-O O-O 10.cxd5 exd5 11.a3 Bd6 12.Re1 Qd8 13.b4 Nf6 14.Qc2 Re8 15.h3 a6 
16.Rab1 Bd7 17.Nd2 Rc8 18.Na4 Rc7 19.Nc5 Nh5 20.Bf5 Bxf5 21.Qxf5 Nf6 22.a4
Rce7 23.Rec1 Bb8 24.b5 axb5 25.axb5 Qa5 26.Qd3 cxb5 27.Nf3 b6 28.Ra1 Qb4 
29.Na6 Qd6 30.Ne5 Nd7 31.Nf3 Re6 32.Qxb5 Nf6 33.Ne5 Qf8 34.Nxb8 Rxb8 35.
Rc7 Re7 36.Raa7 Rxc7 37.Rxc7 Qd6 38.Rxf7 Ra8 39.Rb7 Rb8 40.Ra7 Kh7 41.Qd3+
Kg8 42.Qg6 1-0

[Event "15th PKWN Festival it"]
[Site "Naleczow POL"]
[Date "1979.07.??"]
[Round "15"]
[White "Kuligowski, Adam"]
[Black "Prandstetter, Eduard"]
[Result "1/2-1/2"]
[WhiteElo "2495"]
[BlackElo "2385"]
[EventDate "1979.07.14"]
[PlyCount "20"]

1.c4 e6 2.Nc3 d5 3.d4 Nf6 4.Bg5 Be7 5.e3 O-O 6.Nf3 Nbd7 7.Rc1 c6 8.Qc2 Ne4
9.Bxe7 Qxe7 10.Bd3 Nxc3 1/2-1/2

[Event "15th PKWN Festival it"]
[Site "Naleczow POL"]
[Date "1979.07.??"]
[Round "15"]
[White "Nicevski, Risto"]
[Black "Ghinda, Mihail Viorel"]
[Result "1/2-1/2"]
[WhiteElo "2380"]
[BlackElo "2455"]
[EventDate "1979.07.14"]
[PlyCount "26"]

1.e4 c6 2.d4 d5 3.Nc3 dxe4 4.Nxe4 Nf6 5.Nxf6+ exf6 6.Bc4 Bd6 7.Qe2+ Qe7 8.
Qxe7+ Kxe7 9.Ne2 Nd7 10.Bf4 Bxf4 11.Nxf4 Nb6 12.Bb3 a5 13.a4 Be6 1/2-1/2

[Event "15th PKWN Festival it"]
[Site "Naleczow POL"]
[Date "1979.07.??"]
[Round "15"]
[White "Plachetka, Jan"]
[Black "Vogt, Lothar"]
[Result "1/2-1/2"]
[WhiteElo "2445"]
[BlackElo "2500"]
[EventDate "1979.07.14"]
[PlyCount "24"]

1.e4 e5 2.Nf3 Nc6 3.Bb5 a6 4.Ba4 Nf6 5.O-O Be7 6.Bxc6 dxc6 7.d3 Nd7 8.Nbd2
O-O 9.Nc4 f6 10.Nh4 Nc5 11.Nf5 Bxf5 12.exf5 Qd7 1/2-1/2

[Event "15th PKWN Festival it"]
[Site "Naleczow POL"]
[Date "1979.07.??"]
[Round "16"]
[White "Ghinda, Mihail Viorel"]
[Black "Szymczak, Zbigniew"]
[Result "1/2-1/2"]
[WhiteElo "2455"]
[BlackElo "2355"]
[EventDate "1979.07.14"]
[PlyCount "20"]

1.e4 c5 2.Nf3 Nc6 3.d4 cxd4 4.Nxd4 Nf6 5.Nc3 d6 6.Be2 e5 7.Nb3 a5 8.a4 Be7
9.O-O O-O 10.Be3 Be6 1/2-1/2

[Event "15th PKWN Festival it"]
[Site "Naleczow POL"]
[Date "1979.07.??"]
[Round "16"]
[White "Luczak, Andrzej"]
[Black "Nicevski, Risto"]
[Result "1-0"]
[WhiteElo "2440"]
[BlackElo "2380"]
[EventDate "1979.07.14"]
[PlyCount "150"]

1.d4 Nf6 2.c4 c5 3.Nf3 g6 4.Nc3 Bg7 5.e4 O-O 6.Be2 d6 7.O-O Bg4 8.d5 a6 9.
a4 Nbd7 10.Bg5 Qc7 11.Qd2 Rae8 12.Rad1 e6 13.dxe6 Rxe6 14.Bf4 Bxf3 15.Bxf3
Ne5 16.Bxe5 dxe5 17.Nd5 Nxd5 18.cxd5 Rb6 19.Rc1 Qd6 20.Rc4 Rd8 21.Rfc1 Bf8
22.Qc3 Qb8 23.Be2 Bd6 24.g3 Rb4 25.b3 Rf8 26.Qe3 a5 27.Rxb4 axb4 28.Kg2 
Qc7 29.Bd3 Kh8 30.Qg5 Kg7 31.Qg4 h5 32.Qe2 h4 33.Qg4 Rh8 34.Bc4 Rh5 35.Rf1
Qd8 36.f4 hxg3 37.hxg3 Qh8 38.f5 Rh2+ 39.Kf3 Qh5 40.fxg6 fxg6 41.Qxh5 gxh5
42.Ra1 h4 43.gxh4 Rxh4 44.a5 Rf4+ 45.Ke3 Rf8 46.a6 Ra8 47.Rg1+ Kf7 48.axb7
Ra7 49.Be2 Rxb7 50.Kd3 Rb6 51.Bg4 Kf6 52.Bf5 Kf7 53.Kc4 Be7 54.Be6+ Kf6 
55.Rg8 Rb7 56.Bf5 Kf7 57.Rg6 Rd7 58.Re6 Rd6 59.Rxe5 Rh6 60.Rxe7+ Kxe7 61.
Kxc5 Rf6 62.Kxb4 Rb6+ 63.Kc4 Kd6 64.b4 Rb7 65.b5 Rb8 66.Bg4 Rg8 67.Be2 
Rc8+ 68.Kd4 Re8 69.b6 Re7 70.Bb5 Rh7 71.e5+ Ke7 72.d6+ Ke6 73.Bc4+ Kd7 74.
b7 Rh8 75.Kd5 1-0

[Event "15th PKWN Festival it"]
[Site "Naleczow POL"]
[Date "1979.07.??"]
[Round "16"]
[White "Moiseev, Oleg"]
[Black "Jakobsen, Ole"]
[Result "1-0"]
[WhiteElo "2425"]
[BlackElo "2415"]
[EventDate "1979.07.14"]
[PlyCount "116"]

1.d4 g6 2.Nf3 Bg7 3.c4 d6 4.Nc3 Bg4 5.e3 Nf6 6.Be2 O-O 7.O-O c6 8.e4 Nbd7 
9.Be3 e5 10.d5 cxd5 11.cxd5 Bxf3 12.Bxf3 Qa5 13.a3 Rfc8 14.Be2 a6 15.b4 
Qd8 16.Qb3 h5 17.f3 Nh7 18.a4 Qf8 19.a5 Bh6 20.Na4 Nhf6 21.Bf2 Rc7 22.b5 
axb5 23.Qxb5 Qc8 24.Rfb1 Bd2 25.Nb6 Nxb6 26.Qxb6 Rc2 27.Bd1 Ra6 28.Qxb7 
Qxb7 29.Rxb7 Rc8 30.Bb6 Rca8 31.Kf1 Bc3 32.Ra4 Bxa5 33.Be2 Rxb6 34.Rxb6 
Bxb6 35.Rxa8+ Kg7 36.Rb8 Bc5 37.Rb7 h4 38.g3 hxg3 39.hxg3 g5 40.Bb5 Kf8 
41.Bd7 Bd4 42.Kg2 Bc5 43.Bf5 Ke8 44.g4 Ba3 45.Kf1 Bc5 46.Ke2 Ba3 47.Kd3 
Bc5 48.Kc4 Ba3 49.Kb5 Bc5 50.Kc6 Ba3 51.Kc7 Kf8 52.Kd8 Ng8 53.Be6 Nh6 54.
Kd7 Ng8 55.Rb8+ Kg7 56.Bf5 Bc5 57.Rc8 Ba3 58.Rd8 1-0

[Event "15th PKWN Festival it"]
[Site "Naleczow POL"]
[Date "1979.07.??"]
[Round "16"]
[White "Plachetka, Jan"]
[Black "Espig, Lutz"]
[Result "1/2-1/2"]
[WhiteElo "2445"]
[BlackElo "2450"]
[EventDate "1979.07.14"]
[PlyCount "28"]

1.e4 e6 2.d4 d5 3.Nd2 c5 4.exd5 exd5 5.Ngf3 Nc6 6.Bb5 Bd6 7.O-O Ne7 8.dxc5
Bxc5 9.Nb3 Bd6 10.h3 O-O 11.c3 Bf5 12.Bd3 Bg6 13.Nbd4 Qd7 14.Be3 1/2-1/2

[Event "15th PKWN Festival it"]
[Site "Naleczow POL"]
[Date "1979.07.??"]
[Round "16"]
[White "Prandstetter, Eduard"]
[Black "Fedorowicz, John"]
[Result "1/2-1/2"]
[WhiteElo "2385"]
[BlackElo "2405"]
[EventDate "1979.07.14"]
[PlyCount "22"]

1.e4 c5 2.Nf3 d6 3.d4 cxd4 4.Nxd4 Nf6 5.Nc3 e6 6.Be2 Nc6 7.Be3 Be7 8.O-O 
O-O 9.f4 a6 10.Qe1 Nxd4 11.Bxd4 1/2-1/2

[Event "15th PKWN Festival it"]
[Site "Naleczow POL"]
[Date "1979.07.??"]
[Round "16"]
[White "Przewoznik, Jan"]
[Black "Kuligowski, Adam"]
[Result "1/2-1/2"]
[WhiteElo "2240"]
[BlackElo "2495"]
[EventDate "1979.07.14"]
[PlyCount "24"]

1.e4 e5 2.Nf3 Nc6 3.Bb5 a6 4.Ba4 Nf6 5.O-O Be7 6.Re1 b5 7.Bb3 d6 8.c3 O-O 
9.h3 Na5 10.Bc2 c5 11.d4 Nd7 12.d5 1/2-1/2

[Event "15th PKWN Festival it"]
[Site "Naleczow POL"]
[Date "1979.07.??"]
[Round "16"]
[White "Schussler, Harry"]
[Black "Ivanovic, Bozidar"]
[Result "1/2-1/2"]
[WhiteElo "2460"]
[BlackElo "2460"]
[EventDate "1979.07.14"]
[PlyCount "26"]

1.Nf3 d5 2.d4 Nf6 3.c4 e6 4.Nc3 c5 5.cxd5 exd5 6.e3 Nc6 7.Be2 Be7 8.O-O 
O-O 9.b3 Ne4 10.Bb2 Nxc3 11.Bxc3 Bf6 12.Rc1 cxd4 13.exd4 1/2-1/2

[Event "15th PKWN Festival it"]
[Site "Naleczow POL"]
[Date "1979.07.??"]
[Round "17"]
[White "Bilek, Istvan"]
[Black "Plachetka, Jan"]
[Result "1/2-1/2"]
[WhiteElo "2460"]
[BlackElo "2445"]
[EventDate "1979.07.14"]
[PlyCount "26"]

1.e4 c5 2.Nf3 Nc6 3.d4 cxd4 4.Nxd4 Nf6 5.Nc3 e6 6.Nxc6 dxc6 7.Qxd8+ Kxd8 
8.Be3 Bb4 9.f3 e5 10.O-O-O+ Ke7 11.a3 Bd6 12.Bc4 Be6 13.Bxe6 Kxe6 1/2-1/2

[Event "15th PKWN Festival it"]
[Site "Naleczow POL"]
[Date "1979.07.??"]
[Round "17"]
[White "Fedorowicz, John"]
[Black "Przewoznik, Jan"]
[Result "1/2-1/2"]
[WhiteElo "2405"]
[BlackElo "2240"]
[EventDate "1979.07.14"]
[PlyCount "90"]

1.d4 Nf6 2.c4 g6 3.Nc3 Bg7 4.e4 d6 5.Nf3 O-O 6.Be2 e5 7.O-O Nc6 8.d5 Ne7 
9.b4 a5 10.bxa5 Rxa5 11.Nd2 Nd7 12.Nb3 Ra8 13.a4 f5 14.f3 f4 15.a5 Rf6 16.
Ba3 b6 17.axb6 cxb6 18.Bb4 Rxa1 19.Qxa1 Nc5 20.Nxc5 dxc5 21.Ba3 g5 22.Nb5 
Rf7 23.Bb2 Ng6 24.Qa8 h5 25.Na7 Rf8 26.Qxc8 Qxc8 27.Nxc8 Rxc8 28.Ra1 Rb8 
29.Bc3 Ne7 30.Ra7 Kf8 31.Kf2 Bf6 32.Bd1 Nc8 33.Ra6 Ke7 34.Ba4 Rb7 35.Ra8 
Ra7 36.Rxa7+ Nxa7 37.g3 Nc8 38.Kg2 Nd6 39.Bb3 Kf7 40.h4 g4 41.gxf4 exf4 
42.e5 Bg7 43.exd6 Bxc3 44.fxg4 hxg4 45.Bd1 Be1 1/2-1/2

[Event "15th PKWN Festival it"]
[Site "Naleczow POL"]
[Date "1979.07.??"]
[Round "17"]
[White "Kuligowski, Adam"]
[Black "Schussler, Harry"]
[Result "1/2-1/2"]
[WhiteElo "2495"]
[BlackElo "2460"]
[EventDate "1979.07.14"]
[PlyCount "30"]

1.d4 Nf6 2.c4 c5 3.d5 g6 4.Nc3 d6 5.e4 Bg7 6.Nf3 O-O 7.Be2 e6 8.O-O Re8 9.
h3 exd5 10.exd5 Bf5 11.Bd3 Ne4 12.Nxe4 Bxe4 13.Bxe4 Rxe4 14.Qd3 Re8 15.Bg5
Qb6 1/2-1/2

[Event "15th PKWN Festival it"]
[Site "Naleczow POL"]
[Date "1979.07.??"]
[Round "17"]
[White "Ivanovic, Bozidar"]
[Black "Ghinda, Mihail Viorel"]
[Result "1/2-1/2"]
[WhiteElo "2460"]
[BlackElo "2455"]
[EventDate "1979.07.14"]
[PlyCount "30"]

1.e4 e5 2.Nf3 Nf6 3.Nxe5 Qe7 4.d4 d6 5.Nf3 Qxe4+ 6.Qe2 Qxe2+ 7.Bxe2 Be7 8.
O-O O-O 9.Re1 Re8 10.c4 Bf8 11.Nc3 Bg4 12.Bg5 Nbd7 13.h3 Bh5 14.g4 Bg6 15.
Bf1 c6 1/2-1/2

[Event "15th PKWN Festival it"]
[Site "Naleczow POL"]
[Date "1979.07.??"]
[Round "17"]
[White "Nicevski, Risto"]
[Black "Moiseev, Oleg"]
[Result "1/2-1/2"]
[WhiteElo "2380"]
[BlackElo "2425"]
[EventDate "1979.07.14"]
[PlyCount "110"]

1.e4 c5 2.Nf3 e6 3.d4 cxd4 4.Nxd4 a6 5.Bd3 Nc6 6.Nxc6 dxc6 7.O-O e5 8.Nd2 
Qc7 9.a4 Bc5 10.Qe1 Be6 11.Bc4 Qd7 12.Bxe6 Qxe6 13.Nb3 Be7 14.Qc3 Nf6 15.
f3 O-O 16.Be3 Rfd8 17.Rfd1 Rac8 18.a5 h6 19.Kf2 Rxd1 20.Rxd1 Rc7 21.Rd3 
Rd7 22.Nd2 Rxd3 23.cxd3 Nd7 24.Qb3 Qxb3 25.Nxb3 f6 26.Ke2 Kf7 27.d4 exd4 
28.Nxd4 Bb4 29.Bd2 Bd6 30.g3 Be5 31.Bc3 Bxd4 32.Bxd4 Ke6 33.Kd3 g6 34.h3 
h5 35.b3 Kd6 36.b4 Ke6 37.Ke3 Kd6 38.Kf4 Ke6 39.h4 Nf8 40.g4 hxg4 41.Kxg4 
Kf7 42.f4 Ke6 43.f5+ gxf5+ 44.exf5+ Kf7 45.h5 Nd7 46.h6 Nf8 47.Kh5 Nh7 48.
Bc5 Ng5 49.Bd6 Ne4 50.Bf4 Nc3 51.Be3 Nd5 52.Bc5 Nf4+ 53.Kg4 Nd5 54.Kh5 
Nf4+ 55.Kg4 1/2-1/2

[Event "15th PKWN Festival it"]
[Site "Naleczow POL"]
[Date "1979.07.??"]
[Round "17"]
[White "Szymczak, Zbigniew"]
[Black "Luczak, Andrzej"]
[Result "1/2-1/2"]
[WhiteElo "2355"]
[BlackElo "2440"]
[EventDate "1979.07.14"]
[PlyCount "80"]

1.Nf3 d5 2.d4 Nf6 3.c4 e6 4.Nc3 c5 5.cxd5 Nxd5 6.g3 Nc6 7.Bg2 Nxc3 8.bxc3 
cxd4 9.Nxd4 Nxd4 10.Qxd4 Qxd4 11.cxd4 Bd6 12.Bf4 Ke7 13.Bxd6+ Kxd6 14.Kd2 
Rb8 15.Rhc1 Bd7 16.Rc3 Rhc8 17.Rxc8 Bxc8 18.Rc1 b6 19.e4 Bb7 20.e5+ Kd7 
21.Bxb7 Rxb7 22.Kd3 Rc7 23.Rb1 Kc6 24.g4 b5 25.g5 a6 26.Ke4 Kb6 27.Rb3 a5 
28.Rh3 b4 29.Rxh7 a4 30.Rh3 Kb5 31.Rh8 Kc4 32.Ra8 a3 33.g6 Kc3 34.gxf7 
Rxf7 35.Rc8+ Kb2 36.Rb8 Kc3 37.Rc8+ Kb2 38.Rb8 Kc3 39.Rc8+ Kb2 40.Rb8 Kc3 
1/2-1/2

[Event "15th PKWN Festival it"]
[Site "Naleczow POL"]
[Date "1979.07.??"]
[Round "17"]
[White "Tseitlin, Mark"]
[Black "Prandstetter, Eduard"]
[Result "1/2-1/2"]
[WhiteElo "2505"]
[BlackElo "2385"]
[EventDate "1979.07.14"]
[PlyCount "84"]

1.e4 e6 2.d4 d5 3.Nd2 Nf6 4.Bd3 c5 5.dxc5 dxe4 6.Nxe4 Nxe4 7.Bxe4 Qxd1+ 8.
Kxd1 Bxc5 9.Ke2 Nc6 10.Nf3 Bd7 11.Be3 Bxe3 12.Kxe3 h6 13.Rad1 Ke7 14.Rd2 
Rhd8 15.Rhd1 Be8 16.c4 Rxd2 17.Rxd2 Rd8 18.Rxd8 Kxd8 19.a3 Kc7 20.b4 b6 
21.g3 Nd8 22.Nd4 Nb7 23.f4 Bd7 24.h4 Nd6 25.Bd3 f6 26.c5 bxc5 27.bxc5 Nf7 
28.Bc4 Nd8 29.Bb3 e5 30.fxe5 fxe5 31.Nf3 Nb7 32.c6 Bxc6 33.Nxe5 Be8 34.g4 
Na5 35.Bd5 Kd6 36.Kd4 Ba4 37.Nf7+ Ke7 38.Kc5 Nb7+ 39.Bxb7 Kxf7 40.Kd6 Kf6 
41.Bc8 g5 42.h5 a5 1/2-1/2

[Event "15th PKWN Festival it"]
[Site "Naleczow POL"]
[Date "1979.07.??"]
[Round "17"]
[White "Jakobsen, Ole"]
[Black "Jamroz, Zbigniew"]
[Result "1/2-1/2"]
[WhiteElo "2415"]
[BlackElo "2345"]
[EventDate "1979.07.14"]
[PlyCount "40"]

1.d4 Nf6 2.c4 e6 3.Nf3 Bb4+ 4.Nbd2 d5 5.a3 Be7 6.g3 O-O 7.Bg2 b6 8.O-O c5 
9.b3 Bb7 10.Bb2 Nc6 11.e3 Ne4 12.dxc5 bxc5 13.Qc2 f5 14.Ne5 Nxe5 15.Bxe5 
Qb6 16.Rfd1 Rfd8 17.Nf3 Bc6 18.Nd2 Nxd2 19.Rxd2 dxc4 20.Rxd8+ 1/2-1/2